| 000 | 00579nam a22001817a 4500 | ||
|---|---|---|---|
| 999 |
_c11215 _d11215 |
||
| 003 | AR-CdUCM | ||
| 008 | 190403b ||||| |||| 00| 0 spa d | ||
| 040 |
_aMUNICIPALIDAD PROVINCIAL DEL CUSCO _cBIBLIOTECA MUNICIPAL DEL CUSCO |
||
| 082 |
_a869.2 / _bB517 |
||
| 100 |
_aBernardez, Francisco Luis _928456 |
||
| 245 | _aSus mejores versos : | ||
| 260 |
_aBogota _bLa gran Colombia, |
||
| 300 |
_a144 pa´ginas ; _c22 cm. |
||
| 440 |
_aCaudernillos de poesía dirigidos por Simon Latino _n15 _928457 |
||
| 650 |
_aPoesía Colombiana. _910191 |
||
| 942 |
_2ddc _cLIBROS |
||
| 945 | _awfj | ||